| 000 | 01456nam a22003857a 4500 | ||
|---|---|---|---|
| 003 | CHAP | ||
| 005 | 20220817042840.0 | ||
| 008 | 971013s1984 r 00010 d | ||
| 010 | _a57662 | ||
| 011 | _a58634 | ||
| 035 | _a62789 | ||
| 040 | _cCHAP | ||
| 082 |
_a575.1 _bS82Y 1983 |
||
| 100 | 0 | 0 |
_aStansfield, William D. _9109468 |
| 245 | _aTeoría y problemas de genética | ||
| 260 |
_aMéxico : _bMcGraw-Hill, _c1984 |
||
| 300 |
_a405 p. _b: ilus. |
||
| 490 | _aSerie de Compendios Schaum | ||
| 500 | _aTrad. de la 2 ed. en inglés de 1983 | ||
| 590 |
_aBATCH-UPD _b10 _c20130110 _lUCH01 _h0023 |
||
| 590 |
_aBATCH-UPD _b10 _c20130110 _lUCH01 _h1817 |
||
| 590 |
_aBATCH-UPD _b10 _c20130410 _lUCH01 _h1151 |
||
| 590 |
_aBATCH-UPD _b10 _c20130914 _lUCH01 _h1535 |
||
| 590 |
_aCONVERSION _b10 _c20130109 _lUCH01 _h1331 |
||
| 650 | 1 | 4 |
_aGenética. _947469 |
| 830 | 0 | _aSerie de Compendios Schaum | |
| 901 | _aBK | ||
| 942 | _cLIBRO | ||
| 949 |
_a575.1 S82Y 1983 _bBC _cLIBRO _d33724000400859 _eLIBRO _fc.5 _h78542 _i62789 _si |
||
| 949 |
_a575.1 S82Y 1983 _bBC _cLIBRO _d33724000400875 _eLIBRO _fc.2 _h63737 _i62789 _si |
||
| 949 |
_a575.1 S82Y 1983 _bBC _cLIBRO _d33724000400974 _eLIBRO _fc.4 _h78412 _i62789 _si |
||
| 949 |
_a575.1 S82Y 1983 _bBC _cLIBRO _d33724000400982 _eLIBRO _h63736 _i62789 _si |
||
| 949 |
_a575.1 S82Y 1983 _bBC _cLIBRO _d33724000938858 _eLIBRO _fc.6 _h44284 _i62789 _si |
||
| 949 |
_a575.1 S82Y 1983 _bBC _cLIBRO _d33724002019314 _eLIBRO _fc.3 _h63738 rep. _i62789 _si |
||
| 999 |
_c57662 _d57662 |
||